Statistics for Mario Kart wii courses

Click here to take the quiz!

General Stats

  • This quiz has been taken 89 times
  • The average score is 15 of 32

Answer Stats

HintAnswer% Correct
Flower CupMario Circuit
84%
Leaf CupGCN Mario Circuit
81%
Mushroom CupLuigi Circuit
81%
Mushroom CupMushroom Gorge
75%
Mushroom CupMoo Moo Meadows
73%
Mushroom CupToad's Factory
73%
Special CupRainbow Road
71%
Star CupDaisy Circuit
62%
Special CupBowser's Castle
60%
Lightning CupN64 Bowser's Castle
59%
Flower CupWario's Gold Mine
59%
Flower CupCoconut Mall
56%
Star CupMaple Treeway
56%
Shell CupDS Yoshi Falls
48%
Shell CupN64 Mario Raceway
46%
Lightning CupDS Peach Gardens
44%
Shell CupGCN Peach Beach
44%
Star CupGrumble Volcano
43%
Banana CupGCN Waluigi Stadium
41%
Special CupMoonview Highway
40%
Special CupDry Dry Ruins
38%
Lightning CupGCN DK Mountain
38%
Leaf CupGBA Bowser Castle 3
37%
Banana CupN64 Sherbet Land
33%
Banana CupGBA Shy Guy Beach
32%
Leaf CupN64 DK Jungle Parkway
29%
Shell CupSNES Ghost Valley 2
29%
Flower CupDK Snowboard Cross
22%
Leaf CupDS Desert Hills
21%
Lightning CupSNES Mario Circuit 3
17%
Banana CupDS Delfino Square
8%
Star CupKoopa Cave
8%

Score Distribution

Percentile by Number Answered

Percent of People with Each Score

Your Score History

You have not taken this quiz